5 Letter Countries By Flag Quiz Stats

 Plays Quiz not verified by Sporcle

Score 0/24 Timer 04:00
0 Plays Today
% Correct
Italy
98%
Spain
88.2%
Japan
88.2%
China
87.3%
India
82.4%
Malta
81.4%
Qatar
77.5%
Chile
76.5%
Nepal
75.5%
Egypt
71.6%
Kenya
71.6%
Syria
70.6%
% Correct
Ghana
70.6%
Palau
69.6%
Haiti
65.7%
Samoa
65.7%
Yemen
64.7%
Tonga
64.7%
Nauru
64.7%
Sudan
64.7%
Benin
64.7%
Niger
57.8%
Gabon
49%
Libya
31.4%

You're not logged in!

Compare scores with friends on all Sporcle quizzes.
OR
Log In

Sporcle TV

Today on Sporcle TV


Watch our educational content, quiz creation guides, and fun videos on Sporcle TV.

Show Comments

Extras

Created Aug 25, 2015ReportNominate
Tags:Country Quiz, Letter Quiz

Top Quizzes Today


Score Distribution

Your Account Isn't Verified!

In order to create a playlist on Sporcle, you need to verify the email address you used during registration. Go to your Sporcle Settings to finish the process.

Report this User

Report this user for behavior that violates our Community Guidelines.

Details: